00490nam a22001577a 4500020001800000040000900018082001200027100002700039110002500066245004900091260004000140650002000180942001200200999001900212952010100231 a9781474922111 cNUST a823bCH aRussel Punter 9122906 aDavid Semple9122907 aApe's Great EscapebUsborne Phonics Readers aLondon:bUsborne Publishing.c2018. aEnglish Fiction 2ddccBK c609291d609291 00102ddc4070aCEMEbCEMEcGENd2024-05-23l0o823 CHpCEME- 50474r2024-05-23w2024-05-23yBK